中国回族比例超过20%的县级行政区 - Statistics

General Stats
  • This quiz has been taken 19 times
  • The average score is 26 of 37
Answer Stats
省级 地级 县级 比例 % Correct
河北 廊坊 大厂回族自治县 20.61%
100%
甘肃 临夏 临夏市 43.59%
92%
甘肃 临夏 临夏县 31.79%
92%
宁夏 中卫 中宁县 24.53%
92%
青海 海北 门源回族自治县 45.35%
92%
宁夏 中卫 海原县 70.39%
83%
宁夏 吴忠 红寺堡区 60.71%
83%
宁夏 银川 灵武市 45.54%
83%
青海 海北 祁连县 34.94%
83%
宁夏 石嘴山 平罗县 31.60%
83%
宁夏 银川 金凤区 25.07%
83%
新疆 乌鲁木齐 乌鲁木齐县 21.21%
83%
甘肃 天水 张家川回族自治县 67.62%
83%
宁夏 固原 西吉县 56.14%
75%
宁夏 固原 原州区 45.36%
75%
青海 西宁 城东区 31.21%
75%
新疆 乌鲁木齐 达坂城区 26.36%
75%
宁夏 银川 贺兰县 22.41%
75%
青海 西宁 大通回族土族自治县 29.73%
75%
河北 沧州 孟村回族自治县 26.00%
75%
宁夏 吴忠 利通区 59.19%
67%
甘肃 平凉 崆峒区 25.60%
67%
青海 海西 格尔木市 20.34%
67%
青海 海东 化隆回族自治县 49.46%
67%
新疆 巴音郭楞 焉耆回族自治县 23.10%
67%
甘肃 临夏 积石山保安族东乡族 撒拉族自治县 30.28%
67%
甘肃 临夏 广河县 53.74%
58%
新疆 乌鲁木齐 米东区 24.30%
58%
宁夏 银川 永宁县 22.33%
58%
青海 海东 民和回族土族自治县 38.43%
58%
宁夏 吴忠 同心县 88.89%
50%
宁夏 固原 泾源县 80.26%
42%
甘肃 临夏 康乐县 54.47%
42%
宁夏 固原 彭阳县 29.26%
42%
甘肃 临夏 和政县 26.38%
42%
青海 黄南 尖扎县 21.45%
42%
新疆 伊犁 霍城县 21.36%
42%
No matching quizzes found
Score Distribution
Percent of People with Each Score
Percentile by Number Answered
Your Score History
You have not taken this quiz